Obálka Náhled e-knihy:
Epub
Pro půjčování e-knih musíte být přihlášeni.
Jak si půjčit online?

Alice /

Ženský román slovenské autorky, jehož hrdince se začínají otřásat její životní jistoty.

Uloženo v:
Hlavní autor: Farníková, Helena, 1977- (Autor)
Médium: E-kniha
Jazyk:Czech
Vydáno: Brno : MOBA, 2024
Vydání:Vydání první
Témata:
Tagy:
Žádné tagy
LEADER 02060nam a2200385 i 4500
001 312268
003 CZ PrSKC
005 20260601215720.0
007 ta
008 240201s2024 xr g 000 f cze
015 |a cnb003575604 
020 |a 9788027913213  |q (vázáno) 
035 |a (OCoLC)1429251560 
040 |a ABG001  |b cze  |e rda 
072 7 |a 821.162.4  |x Slovenská literatura  |2 Konspekt 
080 |a 821.162.4-31  |2 MRF 
080 |a (0:82-312.5)  |2 MRF 
100 1 |a Farníková, Helena,  |d 1977-  |7 xx0313496  |4 aut 
245 1 0 |a Alice /  |c Helena Farníková 
250 |a Vydání první 
264 1 |a Brno :  |b MOBA,  |c 2024 
300 |a 224 stran ;  |c 21 cm 
336 |a text  |b txt  |2 rdacontent 
337 |a bez média  |b n  |2 rdamedia 
338 |a svazek  |b nc  |2 rdacarrier 
520 2 |a Ženský román slovenské autorky, jehož hrdince se začínají otřásat její životní jistoty.  |b Alice právě slaví třiatřicáté narozeniny a matčino tradiční, každoročně se opakující přání s upozorněním na přibývající roky ji vůbec netěší. Je přece spokojená. Dělá to, co ji baví a naplňuje, učí na vysoké škole a zároveň provozuje vlastní psychoterapeutickou praxi. A ani v soukromém životě by toho mnoho neměnila. Má téměř dokonalého přítele a také spoustu kamarádek, na které se může zcela spolehnout. Jenže sled dalších událostí Alicinu sebedůvěru řádně nahlodá. Nakladatelská anotace. 
655 7 |a slovenské romány  |7 fd133450  |2 czenas 
655 7 |a milostné romány  |7 fd132840  |2 czenas 
655 9 |a Slovak fiction  |2 eczenas 
655 9 |a love novels  |2 eczenas 
900 |a ABA001  |b 19 
044 |a xr 
910 |a RBIT002 
998 |d 395937  |a https://core.palmknihy.cz/api/books/395937/cover?s7px0f  |b https://core.palmknihy.cz/api/books/395937/cover/400?s7px0f  |c https://core.palmknihy.cz/api/books/395937/cover/50?s7px0f  |e 2029-02-03  |g 224  |i 9788027913213  |j https://core.palmknihy.cz/api/books/395937/preview.epub  |l   |q 49  |r 1  |s https://www.palmknihy.cz/kniha/395937  |t ebook  |y 2024  |z 0 
999 |d 312266